00526nam a22001937a 450000500170000001000130001702000100003003500130004003700160005304000120006908200170008110000330009824500700013126000400020127000290024130000210027065000160029165000250030720170124110154.0 aA-710556 c45.00 aA-710556 bCen Lib/Ret aDPLbEN a181.495bMCG aMcgovern, William Montgomery aA manual of buddhist philosophy /cby William Montgomery Mcgovern aLucknowc1976bOriental reprinters  bLucknowa72, Hazrat ganj a205p.c221cm(Hb) aPhilosophy  aBuddhist philosophy